General elections 1996, 1998: community loalties and regional outlook (Record no. 42040)

000 -LEADER
fixed length control field 00869pab a2200169 454500
008 - FIXED-LENGTH DATA ELEMENTS--GENERAL INFORMATION
fixed length control field 180718b1999 xxu||||| |||| 00| 0 eng d
100 ## - MAIN ENTRY--PERSONAL NAME
Personal name Dev, Rajesh
245 ## - TITLE STATEMENT
Title General elections 1996, 1998: community loalties and regional outlook
260 ## - PUBLICATION, DISTRIBUTION, ETC.
Date of publication, distribution, etc. 1999
300 ## - PHYSICAL DESCRIPTION
Extent p.2481-485
362 ## - DATES OF PUBLICATION AND/OR SEQUENTIAL DESIGNATION
Dates of publication and/or sequential designation 21 Aug & 28 Sep
520 ## - SUMMARY, ETC.
Summary, etc. In its transition to modern representative democracy, the electoral agenda in Meghalaya is still largely determined by clan and kinship loyalties entrenched in majority tribal communities. As a result, besides various regional parties having a substantial presence in the electoral arena, even the national parties like the Congress and the BJP, have to fine tune their manifestos to suit regional aspirations. - Reproduced
650 ## - SUBJECT ADDED ENTRY--TOPICAL TERM
Topical term or geographic name entry element Elections - India
650 ## - SUBJECT ADDED ENTRY--TOPICAL TERM
Topical term or geographic name entry element Elections
773 ## - HOST ITEM ENTRY
Main entry heading Economic and Political Weekly
909 ## -
-- 42040
Holdings
Withdrawn status Lost status Damaged status Not for loan Permanent Location Current Location Date acquired Serial Enumeration / chronology Barcode Date last seen Price effective from Koha item type
        Indian Institute of Public Administration Indian Institute of Public Administration 2018-07-19 Volume no: 34, Issue no: 34-35 AR42417 2018-07-19 2018-07-19 Articles

Powered by Koha